Loading...
| Fine Arts - Auditory Fine Arts | 1 | 10.00 | 100% | 0% | 0% |
| Fine Arts - Other Fine Arts | 4 | 12.50 | 100% | 25% | 0% |
| Fine Arts - Visual Fine Arts | 2 | 10.00 | 100% | 0% | 0% |
| History - American History | 2 | 10.00 | 100% | 0% | 0% |
| History - European History | 2 | 5.00 | 50% | 0% | 0% |
| History - Other History | 4 | 12.50 | 75% | 25% | 25% |
| History - World History | 2 | 5.00 | 50% | 0% | 0% |
| Literature - British Literature | 3 | 6.67 | 67% | 0% | 0% |
| Literature - European Literature | 1 | 0.00 | 0% | 0% | 0% |
| Literature - World Literature | 1 | 0.00 | 0% | 0% | 0% |
| Mythology | 2 | 10.00 | 100% | 0% | 0% |
| Philosophy | 3 | 10.00 | 100% | 0% | 0% |
| Religion | 3 | 10.00 | 33% | 67% | 0% |
| Science - Biology | 3 | 13.33 | 100% | 33% | 0% |
| Science - Chemistry | 1 | 0.00 | 0% | 0% | 0% |
| Science - Other Science | 4 | 7.50 | 75% | 0% | 0% |
| Science - Physics | 6 | 6.67 | 67% | 0% | 0% |
| Social Science | 3 | 10.00 | 100% | 0% | 0% |